ნორმალური ფორმატი
MARC ფორმატი
ჩანაწერი Personal Name
ჩანაწერთა რაოდენობა, რომელიც გამოყენებულია: 3
001 - CONTROL NUMBER
- control field: 19583
003 - CONTROL NUMBER IDENTIFIER
- control field: GE_BSU
005 - DATE AND TIME OF LATEST TRANSACTION
- control field: 20230731151804.0
008 - FIXED-LENGTH DATA ELEMENTS
- fixed length control field: 230731|| aca||aabn | a|a d
040 ## - CATALOGING SOURCE
- Original cataloging agency: GE_BSU
- Transcribing agency: GE_BSU
100 ## - HEADING--PERSONAL NAME
- Personal name: Jasinska, Agnieszka
- Dates associated with a name: author
670 ## - SOURCE DATA FOUND
- Source citation: Work cat.: (GE_BSU)54591: Burkat, Agnieszka 19582, Hurra!!! Po Polsku : Student's Textbook Volume 2. A2 :
